Strategický marketing zbierka príkladov
Gespeichert in:
| 1. Verfasser: | |
|---|---|
| Körperschaft: | |
| Weitere Verfasser: | , , , , |
| Format: | Buch |
| Sprache: | Slowakisch |
| Veröffentlicht: |
Bratislava
Ekonóm
1996
|
| Ausgabe: | 1. vyd. |
| Schlagworte: | |
| Tags: |
Keine Tags, Fügen Sie das erste Tag hinzu!
|
MARC
| LEADER | 00000nam a2200000 4500 | ||
|---|---|---|---|
| 001 | c013421 | ||
| 005 | 20221214072047.8 | ||
| 020 | |a 80-225-0742-3 | ||
| 041 | 0 | |a slo | |
| 044 | |a SK | ||
| 245 | 1 | 0 | |a Strategický marketing |b zbierka príkladov |c kolektív ; recenzovali: Kornélia Richterová, R. Holcz |
| 250 | |a 1. vyd. | ||
| 264 | 1 | |a Bratislava |b Ekonóm |c 1996 | |
| 300 | |a 125 s. | ||
| 610 | 2 | 0 | |a marketing strategický |
| 610 | 2 | 0 | |a ceny |
| 610 | 2 | 0 | |a výrobky nové |
| 610 | 2 | 0 | |a marketing mix |
| 610 | 2 | 0 | |a trh |
| 610 | 2 | 0 | |a štúdie prípadové |
| 100 | 1 | |a Lesáková, Dagmar, 1949- | |
| 700 | 1 | |a Rajt, Štefan | |
| 700 | 1 | |a Hanuláková, Eva, 1964- | |
| 700 | 1 | |a Nízka, Helena | |
| 700 | 1 | |a Richterová, Kornélia | |
| 700 | 1 | |a Holcz, R. | |
| 710 | 2 | |a Ekonomická univerzita v Bratislave. Obchodná fakulta | |